000 00483nam a2200181Ia 4500
001 4625
005 20260306145810.0
008 260306t1998||||xx |||||||||||||| ||spa||
041 _aESP
082 _a327.85
_bY49A
100 _aYepes del Castillo, Ernesto
_eAUT
245 0 _aTres días de guerra, ciento ochenta de negociaciones:
_bPerú, Ecuador 1941-1942
260 _c1998
300 _a426 páginas :
_c21cm.
650 _aGEN
654 _aCHU
942 _cLIB
_dJUS
_fJUS
_2ddc
_n
999 _c4625
_d4625